| 000 | 01032cab a2200205 4500 | ||
|---|---|---|---|
| 001 | ABS38333 | ||
| 008 | 090401t1987 xxu||||| |||| 00| 0 eng d | ||
| 035 | _a(Sirsi) u9988 | ||
| 041 | _aeng | ||
| 100 | _aAnderson, D. | ||
| 245 | _aTimeshares : not such a bad thing? | ||
| 260 | _c1987 | ||
| 350 | _a0 | ||
| 490 |
_aSolicitors` Journal _v131(41) 9 October 1987, 1342-1343(2) |
||
| 520 | _aSuggests that timesharing has suffered from a bad press which is unjustified. Reviews the various types of legal structure which might be used by UK developers, the most common of which is the club/trustee structure whereby each purchaser becomes a member of a genuine club and the property being timeshared is conveyed to a custodian trustee who holds the property for the club and the members from time to time. Also considers management arrangements and concludes by noting the setting up of the Timeshare Developers Association . | ||
| 650 | _aOVERSEAS | ||
| 690 | _aPROPERTY LAW AND PRACTICE | ||
| 942 | _n0 | ||
| 948 | _c04/03/1997 | ||
| 999 |
_c6280 _d6280 |
||